Kosior - ARROGANT RADIO 1.5 - Statystyki

Ogólne statystyki
  • Ten quiz został rozwiązany 2 razy
  • Średni wynik to 2 z 9
Statystyki odpowiedzi
ARROGANT RADIO 1.5 % Poprawnych
BLA BLA
100%
POZWÓL MI
100%
DRAMA
0%
FLOOR
0%
NIE MA O CZYM GADAĆ
0%
NIE MYŚLĘ WSTECZ
0%
SENSE
0%
SKRRT OFF
0%
SWAG DISEASE
0%
Nie znaleziono quizów pasujących do podanych kryteriów
Rozkład punktacji
Procent ludzi z każdym wynikiem
Percentyl według liczby udzielonych odpowiedzi
Twoja historia wyników
Nie rozwiązałeś tego quizu